000
00280nam a2200109Ia 4500
005
20251222144758.0
008
251222s9999||||xx |||||||||||||| ||spa||
082
_a
362.198.5/I59
245
0
_a
Perú: Demanda de Atención en Servicios de Salud, 1998
264
_b
INEI
942
_c
LIB
999
_c
19630
_d
19630